• 首页
  • 本馆介绍
  • 公告通知
  • 最新文献
  • 馆藏检索
  • 电子资源
  • 读者导购
  • 参考咨询
  • 我的图书馆
  • 登录
  • 详细信息显示
  • 放入我的书架
  • 预约/预借图书
  • 作者相关作品
  • 分类相关作品
  • 丛书相关作品
  • 出版社相关作品

书目信息

  • 表格格式
  • 工作单格式
  • 卡片格式
题名:
绘画构图
    
 
作者: 曹昌武 , 曹晓楠 著
分册:  
出版信息: 济南   山东美术出版社  2004
页数: 394页
开本: 22cm
丛书名:
单 册:
中图分类: J206.1
科图分类:
主题词: 绘画理论--构图学
电子资源:
ISBN: 7-5330-1723-4
000 00716nam0 2200229 45
001 002574694
005 20050104151449.3
010    @a7-5330-1723-4@dCNY84.50
100    @a20040209d2004 em y0chiy0110 ea
101 0  @achi
102    @aCN@b370000
105    @aa z 000yy
200 1  @a绘画构图@Ahui hua gou tu@f曹昌武,曹晓楠著@FCao Chang Wu,Cao Xiao Nan Zhu
210    @a济南@c山东美术出版社@d2004
215    @a394页@c图@d22cm
330    @a本书逐一阐述了画面的基本理论、画面形状、画面色彩、画面质理、画面布局、构图中的形式美法则等内容。
606 0  @a绘画理论@x构图学
690    @aJ206.1@v4
701  0 @a曹昌武@4著
701  0 @a曹晓楠@4著
801  0 @aCN@bNLC@c20040429
905    @b341712-714@dJ206.1@e245@f3
    
    绘画构图/曹昌武,曹晓楠著.-济南:山东美术出版社,2004
    394页:图;22cm
    
    
    ISBN 7-5330-1723-4:CNY84.50
    本书逐一阐述了画面的基本理论、画面形状、画面色彩、画面质理、画面布局、构图中的形式美法则等内容。
●
相关链接 在E读中查询图书 在五车中查询图书 在当当中查询图书 在豆瓣中查询图书


正题名:绘画构图     索取号:J206.1/245         预约/预借

序号 登录号 条形码 馆藏地/架位号 状态 备注
1 0341712   203417123   第一样本阅览室/ [索取号:J206.1/245] 在馆    
2 0341714   203417141   第一借阅区/ [索取号:J206.1/245] 在馆    
唐山师范学院图书馆 欢迎您!
大连网信软件有限公司© 版权所有